Score 0/20 Timer 05:00
0 Plays Today
% Correct
Afghanistan
100%
Chad
100%
Guinea
100%
Guinea-Bissau
100%
Central African Republic
83.3%
Democratic Republic of Congo
83.3%
Somalia
83.3%
South Sudan
83.3%
Togo
83.3%
Burundi
66.7%
% Correct
Cote divoire
66.7%
Liberia
66.7%
Sao Tome and Principe
66.7%
Sierra Leone
66.7%
Timor-Leste
66.7%
Comoros
50%
Haiti
50%
Papua New Guinea
50%
Solomon Islands
50%
Yemen
33.3%
Remove Ads.
Support Sporcle.
Get the best of Sporcle when you Go Orange. This ad-free experience offers more features, more stats, and more fun while also helping to support Sporcle. Thank you for becoming a member.

You're not logged in!

Compare scores with friends on all Sporcle quizzes.
OR
Log In

Show Comments

Extras

Created Dec 25, 2014ReportNominate
Tags:Country Quiz

Top Quizzes Today


Score Distribution

Your Account Isn't Verified!

In order to create a playlist on Sporcle, you need to verify the email address you used during registration. Go to your Sporcle Settings to finish the process.

Report this User

Report this user for behavior that violates our Community Guidelines.

Details: